Traductions de noms de célébrités - Statistiques

Statistiques générales
  • Ce quiz a été pris 441 fois
  • Le résultat moyen est 14 sur 20
Statistiques - réponses
Traduction Vrai nom % Correct
Morgan Hommelibre Morgan Freeman
96%
DJ Serpent DJ Snake
95%
Eva Verte Eva Green
94%
John Fromthegarden Jean Dujardin
93%
Megane Renard Megan Fox
90%
Angéline Pretty Angelina Jolie
87%
Clint Boisd'est Clint Eastwood
86%
Dwayne Filsdejean Dwayne Johnson
86%
Vin Essence Vin Diesel
86%
Emma Pierre Emma Stone
84%
Jude Loi Jude Law
81%
Bradley Tonnelier Bradley Cooper
73%
Chris Keyboard Christian Clavier
73%
Ambre Entendue Amber Heard
58%
Blake Vivante Blake Lively
56%
Marine Theorphan Marine Lorphelin
49%
Reese Aveccuillère Reese Witherspoon
34%
Frederic Hautplus Freddie Highmore
26%
Camille thefishyone Camille Lellouche
18%
Benoit Lotdegroslots Benedict Cumberbatch
2%
Aucun quiz correspondant
Distribution des résultats
% des personnes avec chaque résultat
Percentile par nombre de réponses
Votre historique - résultats
Vous n’avez pas pris ce quiz